01089cam a22002891 4500999001700000001000800017003000900025005001700034008004100051035001800092040005100110082002400161100004000185245010500225264003600330300002300366336002600389337002800415338002700443504005100470650003500521653002800556655002400584906004500608942001200653952013400665 c28834d288057997753EG-ScBUE20200926130045.0720208s1965 enk f b 001 0 eng d a(OCoLC)236698 aDLCbengerdacODaWUdOCoLCdUkdDLCdEG-ScBUE04a301.540941bNEE2221 aNeedleman, L.‏q(Lionel)eauthor.14aThe economics of housing /cLionel Needleman, lecturer in economics, The London School of Economics. 1aLondon :bStaples Press,c1965. a232 pages ;c24 cm 2rdacontentatextbtxt 2rdamediaaunmediatedbn 2rdacarrieravolumebnc aIncludes bibliographical references and index. 7aHousingzGreat Britain.2BUEsh bHHUUEENNcSeptember2020 vReading book934232 a7bcbccoclcrplduencipf19gy-gencatlg 2ddccBB 00102ddc40708BaccahaMAINbMAINc1STd2020-09-26ePurchasel0o301.540941 NEEp000049815r2025-07-15 00:00:00w2020-09-26yBB